000 00916namaa22001931 4500
001 174052
003 ES-MaACL
005 20230908063202.0
008 100210s1909 sp r |||| | spa d
100 1 _aAlmela Mengot, Vicente.
_9234078
245 1 0 _aBodas celestes
_b: apunte de comedia en un acto y en prosa /
_coriginal de Vicente Almela Mengot.
260 _aMadrid :
_bSociedad de Autores Españoles,
_c1909 (
_fR. Velasco)
300 _a16 p. ;
_c19 cm.
500 _aEn port.: Estrenado en el Teatro Romea la noche del 27 de marzo de 1909.
710 2 _aSociedad de Autores Españoles.
_9171890
852 _aES-MaACL
_jF-8648(4)
_z Encuadernación pasta española, conservando cubierta original
_z Encuadernación en un volumen facticio formando parte de la colección. facticia "Teatro español moderno" volumen 105
_zDedicatoria autógrafa del autor
942 _2udc
999 _c174052
_d174052